00345pab a2200133 454500008004000000100002000040245005600060260000900116300001300125362000800138650002200146700002700168773001600195180718b1999 xxu||||| |||| 00| 0 eng d aChidambaram, K. aFactors influencing repayment of IRDP loan: a study c1999 ap.3-6, 9 aMar aRural development aSankarasubramoniam, V. aKurukshetra